000 01072cad a22002295a 4500
001 L155309
008 120316s2012 xxk f 000 0 eng d
020 _a9781409833406
035 _a(Sirsi) u155309
041 0 _aeng
110 2 _aUnited Kingdom
_bDepartment for Communities and Local Government
_94939
245 0 0 _aGiving tenants control
_bRight to transfer and right to manage regulations consultation
_h[electronic resource]
260 _aLondon
_bDCLG
_c2012
520 _aConsultation on the proposed introduction of regulations allowing council tenants in England to transfer and streamline existing right to manage regulations currently contain in Housing (Right to Manage) (England) Regulations 2008.
520 _aConsultation closes 23 May 2012.
590 _aKA
650 2 4 _aHOUSING (RIGHT TO MANAGE) (ENGLAND) REGULATIONS 2008
651 4 _aEngland
_y886-
690 _aResidential property
_96266
856 4 0 _uhttps://www.communities.gov.uk/documents/housing/pdf/2106007.pdf
_zView the item free of charge at www.communities.gov.uk
942 _n0
999 _c113472
_d113472